<?xml version="1.0" encoding="UTF-8"?>
<record
    xmlns:xsi="http://www.w3.org/2001/XMLSchema-instance"
    xsi:schemaLocation="http://www.loc.gov/MARC21/slim http://www.loc.gov/standards/marcxml/schema/MARC21slim.xsd"
    xmlns="http://www.loc.gov/MARC21/slim">

  <leader>01284cam a2200301Ia 4500</leader>
  <controlfield tag="001">52944550</controlfield>
  <controlfield tag="003">OSt</controlfield>
  <controlfield tag="005">20161205093349.0</controlfield>
  <controlfield tag="008">030901s2003    enk      b    000 0 eng d</controlfield>
  <datafield tag="015" ind1=" " ind2=" ">
    <subfield code="a">GBA3-79587</subfield>
  </datafield>
  <datafield tag="020" ind1=" " ind2=" ">
    <subfield code="a">0194375986 (pbk.)</subfield>
  </datafield>
  <datafield tag="020" ind1=" " ind2=" ">
    <subfield code="a">9780194375986 (pbk.)</subfield>
  </datafield>
  <datafield tag="035" ind1=" " ind2=" ">
    <subfield code="a">(OCoLC)52944550</subfield>
    <subfield code="z">(OCoLC)52067401</subfield>
  </datafield>
  <datafield tag="040" ind1=" " ind2=" ">
    <subfield code="a">B9K</subfield>
    <subfield code="c">B9K</subfield>
    <subfield code="d">UAB</subfield>
    <subfield code="d">EQO</subfield>
    <subfield code="d">UKM</subfield>
    <subfield code="d">BAKER</subfield>
    <subfield code="d">NLGGC</subfield>
    <subfield code="d">VP@</subfield>
    <subfield code="d">YDXCP</subfield>
    <subfield code="d">LVB</subfield>
    <subfield code="d">TVG</subfield>
    <subfield code="d">ZLM</subfield>
    <subfield code="d">FIN</subfield>
  </datafield>
  <datafield tag="050" ind1="1" ind2="4">
    <subfield code="a">P129</subfield>
    <subfield code="b">.C66 2003</subfield>
  </datafield>
  <datafield tag="082" ind1="0" ind2="4">
    <subfield code="a">418</subfield>
    <subfield code="2">21</subfield>
    <subfield code="b">CGA</subfield>
  </datafield>
  <datafield tag="100" ind1="1" ind2=" ">
    <subfield code="a">Cook, Guy</subfield>
    <subfield code="q">(Guy W. D.)</subfield>
    <subfield code="9">18230</subfield>
  </datafield>
  <datafield tag="245" ind1="1" ind2="0">
    <subfield code="a">Applied linguistics /</subfield>
    <subfield code="c">Guy Cook.</subfield>
  </datafield>
  <datafield tag="260" ind1=" " ind2=" ">
    <subfield code="a">Oxford :</subfield>
    <subfield code="b">Oxford University Press,</subfield>
    <subfield code="c">2003.</subfield>
  </datafield>
  <datafield tag="300" ind1=" " ind2=" ">
    <subfield code="a">x, 134 p. ;</subfield>
    <subfield code="c">20 cm.</subfield>
  </datafield>
  <datafield tag="490" ind1="1" ind2=" ">
    <subfield code="a">Oxford introductions to language study</subfield>
  </datafield>
  <datafield tag="504" ind1=" " ind2=" ">
    <subfield code="a">Includes bibliographical references.</subfield>
  </datafield>
  <datafield tag="505" ind1="0" ind2="0">
    <subfield code="t">Applied linguistics --</subfield>
    <subfield code="t">Prescribing and describing: popular and academic views of 'correctness' --</subfield>
    <subfield code="t">Languages in the contemporary world --</subfield>
    <subfield code="t">English language teaching (ELT) --</subfield>
    <subfield code="t">Language and communication --</subfield>
    <subfield code="t">Context and culture --</subfield>
    <subfield code="t">Persuasion and poetics: rhetoric and resistance --</subfield>
    <subfield code="t">Past, present, and future directions.</subfield>
  </datafield>
  <datafield tag="650" ind1=" " ind2="0">
    <subfield code="a">Applied linguistics.</subfield>
    <subfield code="9">57071</subfield>
  </datafield>
  <datafield tag="650" ind1="0" ind2="4">
    <subfield code="a">Uygulamal&#x266F;&#x142; dilbilim.</subfield>
    <subfield code="9">57072</subfield>
  </datafield>
  <datafield tag="830" ind1=" " ind2="0">
    <subfield code="a">Oxford introductions to language study.</subfield>
    <subfield code="9">46072</subfield>
  </datafield>
  <datafield tag="942" ind1=" " ind2=" ">
    <subfield code="2">ddc</subfield>
    <subfield code="c">BOOK</subfield>
  </datafield>
  <datafield tag="999" ind1=" " ind2=" ">
    <subfield code="c">39933</subfield>
    <subfield code="d">274433</subfield>
  </datafield>
  <datafield tag="952" ind1=" " ind2=" ">
    <subfield code="1">0</subfield>
    <subfield code="2">2016-12-17</subfield>
    <subfield code="4">0</subfield>
    <subfield code="7">0</subfield>
    <subfield code="a">418 CGA</subfield>
    <subfield code="d">2016-12-17</subfield>
    <subfield code="h">CL</subfield>
    <subfield code="i">00655399</subfield>
    <subfield code="m">CL</subfield>
    <subfield code="q">2018-01-23</subfield>
    <subfield code="r">2018-04-08 00:00:00</subfield>
    <subfield code="t">BOOK</subfield>
    <subfield code="w">ddc</subfield>
    <subfield code="y">1</subfield>
  </datafield>
  <datafield tag="952" ind1=" " ind2=" ">
    <subfield code="1">0</subfield>
    <subfield code="2">2016-12-17</subfield>
    <subfield code="4">0</subfield>
    <subfield code="7">0</subfield>
    <subfield code="a">418 CGA</subfield>
    <subfield code="d">2016-12-17</subfield>
    <subfield code="h">CL</subfield>
    <subfield code="i">00655400</subfield>
    <subfield code="m">CL</subfield>
    <subfield code="r">2016-12-17 00:00:00</subfield>
    <subfield code="t">BOOK</subfield>
    <subfield code="w">ddc</subfield>
    <subfield code="y">0</subfield>
  </datafield>
  <datafield tag="952" ind1=" " ind2=" ">
    <subfield code="1">0</subfield>
    <subfield code="2">2016-12-17</subfield>
    <subfield code="4">0</subfield>
    <subfield code="7">0</subfield>
    <subfield code="a">418 CGA</subfield>
    <subfield code="d">2016-12-17</subfield>
    <subfield code="h">CL</subfield>
    <subfield code="i">00655401</subfield>
    <subfield code="m">CL</subfield>
    <subfield code="r">2016-12-17 00:00:00</subfield>
    <subfield code="t">BOOK</subfield>
    <subfield code="w">ddc</subfield>
    <subfield code="y">0</subfield>
  </datafield>
  <datafield tag="952" ind1=" " ind2=" ">
    <subfield code="1">0</subfield>
    <subfield code="2">2016-12-21</subfield>
    <subfield code="4">0</subfield>
    <subfield code="7">0</subfield>
    <subfield code="a">418 CGA</subfield>
    <subfield code="d">2016-12-21</subfield>
    <subfield code="h">IC</subfield>
    <subfield code="i">00655792</subfield>
    <subfield code="m">IC</subfield>
    <subfield code="r">2016-12-21 00:00:00</subfield>
    <subfield code="t">BOOK</subfield>
    <subfield code="w">ddc</subfield>
    <subfield code="y">0</subfield>
  </datafield>
  <datafield tag="952" ind1=" " ind2=" ">
    <subfield code="1">0</subfield>
    <subfield code="2">2016-12-21</subfield>
    <subfield code="4">0</subfield>
    <subfield code="7">0</subfield>
    <subfield code="a">418 CGA</subfield>
    <subfield code="d">2016-12-21</subfield>
    <subfield code="h">IC</subfield>
    <subfield code="i">00655793</subfield>
    <subfield code="m">IC</subfield>
    <subfield code="r">2016-12-21 00:00:00</subfield>
    <subfield code="t">BOOK</subfield>
    <subfield code="w">ddc</subfield>
    <subfield code="y">0</subfield>
  </datafield>
  <datafield tag="952" ind1=" " ind2=" ">
    <subfield code="1">0</subfield>
    <subfield code="2">2016-12-21</subfield>
    <subfield code="4">0</subfield>
    <subfield code="7">0</subfield>
    <subfield code="a">418 CGA</subfield>
    <subfield code="d">2016-12-21</subfield>
    <subfield code="h">CL</subfield>
    <subfield code="i">00655794</subfield>
    <subfield code="m">SGF</subfield>
    <subfield code="q">2021-01-21</subfield>
    <subfield code="r">2021-02-14 00:00:00</subfield>
    <subfield code="t">BOOK</subfield>
    <subfield code="w">ddc</subfield>
    <subfield code="y">2</subfield>
  </datafield>
  <datafield tag="952" ind1=" " ind2=" ">
    <subfield code="1">0</subfield>
    <subfield code="2">2016-12-21</subfield>
    <subfield code="4">0</subfield>
    <subfield code="7">0</subfield>
    <subfield code="a">418 CGA</subfield>
    <subfield code="d">2016-12-21</subfield>
    <subfield code="h">SGF</subfield>
    <subfield code="i">00655795</subfield>
    <subfield code="m">SGF</subfield>
    <subfield code="r">2016-12-21 00:00:00</subfield>
    <subfield code="t">BOOK</subfield>
    <subfield code="w">ddc</subfield>
    <subfield code="y">0</subfield>
  </datafield>
  <datafield tag="952" ind1=" " ind2=" ">
    <subfield code="1">0</subfield>
    <subfield code="2">2017-02-15</subfield>
    <subfield code="4">0</subfield>
    <subfield code="7">0</subfield>
    <subfield code="a">418 CGA</subfield>
    <subfield code="d">2017-02-15</subfield>
    <subfield code="h">SZM</subfield>
    <subfield code="i">00655905</subfield>
    <subfield code="m">SZM</subfield>
    <subfield code="r">2017-02-15 00:00:00</subfield>
    <subfield code="t">BOOK</subfield>
    <subfield code="w">ddc</subfield>
    <subfield code="y">0</subfield>
  </datafield>
  <datafield tag="952" ind1=" " ind2=" ">
    <subfield code="1">0</subfield>
    <subfield code="2">2022-10-17</subfield>
    <subfield code="4">0</subfield>
    <subfield code="7">1</subfield>
    <subfield code="a">418 CGA</subfield>
    <subfield code="d">2022-10-17</subfield>
    <subfield code="h">EZF</subfield>
    <subfield code="i">00267065</subfield>
    <subfield code="m">EZF</subfield>
    <subfield code="r">2022-10-17 00:00:00</subfield>
    <subfield code="t">BOOK</subfield>
    <subfield code="w">ddc</subfield>
    <subfield code="y">0</subfield>
  </datafield>
  <datafield tag="952" ind1=" " ind2=" ">
    <subfield code="1">0</subfield>
    <subfield code="2">2022-10-17</subfield>
    <subfield code="4">0</subfield>
    <subfield code="7">0</subfield>
    <subfield code="a">418 CGA</subfield>
    <subfield code="d">2022-10-17</subfield>
    <subfield code="h">EZF</subfield>
    <subfield code="i">00267066</subfield>
    <subfield code="m">EZF</subfield>
    <subfield code="r">2022-10-17 00:00:00</subfield>
    <subfield code="t">BOOK</subfield>
    <subfield code="w">ddc</subfield>
    <subfield code="y">0</subfield>
  </datafield>
  <datafield tag="952" ind1=" " ind2=" ">
    <subfield code="1">0</subfield>
    <subfield code="2">2022-10-17</subfield>
    <subfield code="4">0</subfield>
    <subfield code="7">1</subfield>
    <subfield code="a">418 CGA</subfield>
    <subfield code="d">2022-10-17</subfield>
    <subfield code="h">EMF</subfield>
    <subfield code="i">00267067</subfield>
    <subfield code="m">EMF</subfield>
    <subfield code="r">2022-10-17 00:00:00</subfield>
    <subfield code="t">BOOK</subfield>
    <subfield code="w">ddc</subfield>
    <subfield code="y">0</subfield>
  </datafield>
  <datafield tag="952" ind1=" " ind2=" ">
    <subfield code="1">0</subfield>
    <subfield code="2">2022-10-17</subfield>
    <subfield code="4">0</subfield>
    <subfield code="7">0</subfield>
    <subfield code="a">418 CGA</subfield>
    <subfield code="d">2022-10-17</subfield>
    <subfield code="h">EMF</subfield>
    <subfield code="i">00267068</subfield>
    <subfield code="m">EMF</subfield>
    <subfield code="r">2022-10-17 00:00:00</subfield>
    <subfield code="t">BOOK</subfield>
    <subfield code="w">ddc</subfield>
    <subfield code="y">0</subfield>
  </datafield>
</record>
